000 00516nam a22002177a 4500
003 UA-OsUOA
001 67952
007 ta
008 20100322b un ||||| |||| 00| 0 ukr d
100 _aСюндюков І.
090 _a32
_bС98
942 _cSA
040 _aUA-OsUOA
_bukr
_cUA-OsUOA
_dUA-OsUOA
245 _aМи та Європа: гармонізація пам'яті
300 _aС.4
955 _a0
041 _aukr
080 _a32
773 0 _w67951
650 7 _a32 Політика
_2UDC
999 _c354089
_d354089